00658nam a2200193Ia 4500001000700000003000500007008004100012010001100053040000900064100002900073245015500102260004100257300001000298502007600308650001900384650001800403650002500421650001800446Z_2123CHAP220113s1995 xx 000 0 und d a165197 cCHAP aEsparza Espinoza, Renato aEvaluación del efecto pigmentante de un extracto de carotenoides del Achiote (Bixa orellana L.) en la yema de huevo /cpor Renato Esparza Espinoza aChapingo, Méx. :bEl autor,c1995 a45 h. aTesis (Ing. Agr. Esp. en Zootecnia) -- UACH. Departamento de Zootecnia aBixa orellana  aCarotenoides  aPigmentos vegetales  aYema de huevo